| 000 | 00548nam a2200205 a 4500 | ||
|---|---|---|---|
| 999 |
_c7104 _d7104 |
||
| 001 | 7104 | ||
| 003 | BD-JhCC | ||
| 005 | 20180205104455.0 | ||
| 008 | 180204s1964 uk |||| |||| 000 0 eng d | ||
| 035 | _a(BD-JhCC) | ||
| 040 |
_aBD-JhCC _dBD-JhCC |
||
| 041 | _aeng | ||
| 082 |
_a420 _bARM 1964 |
||
| 100 | _aArmytage, W. H. G | ||
| 245 |
_aFour Hundred Years of English Education / _cW. H. G. Armytage |
||
| 260 |
_aLondon: _bCambridge at the University Press; _c1964 |
||
| 300 |
_a353 p;, _c22 cm |
||
| 650 | _aEnglish literature | ||
| 942 |
_2ddc _cBK |
||